000 00382nam a22001577a 4500
999 _c10625
_d10625
003 OSt
008 210410b ||||| |||| 00| 0 eng d
020 _a9780128200070
100 _aADEJARE,Adeboye
245 _aRemington the Science and Practice of Pharmacy
250 _a23th Ed.
260 _aUK
_bElsevier
300 _a1000
650 _aPharmacy practice
942 _2ddc
_cBK